000 00475nam a2200193Ia 4500
008 101110s9999 xx 000 0 und d
041 _aMARATHI
082 _bJR2161
100 _aJoshi S.J., Kshirsagar
245 _aChitanisacha Vyavsay Std. XII
365 _b15.5
520 _aCommerce
546 _aMARATHI
630 _aChitanisacha Vyavsay Std. XII
650 _aCommerce
655 _aCommerce
730 _aChitanisacha Vyavsay Std. XII
942 _cBOOK
999 _c794045
_d794042